| 000 | 00624nam a2200205 i 4500 | ||
|---|---|---|---|
| 001 | 57861 | ||
| 003 | ES-MaACL | ||
| 005 | 20230906163651.0 | ||
| 007 | t| | ||
| 008 | 031020s1915 fr ||||1| fre d | ||
| 100 | 1 |
_aDottin, Georges. _945466 |
|
| 245 | 1 | 0 |
_aManuel por servir a l'etude de l'antiquité celtique / _cpar Georges Dottin. |
| 250 | _a2eme ed. | ||
| 260 |
_aParis : _bHonoré Champion, _c1915. |
||
| 300 |
_aXVI, 524 p. ; _c19 cm. |
||
| 490 | 1 |
_aLa Bretagne et les pays beltiques ; _v4 |
|
| 830 | 0 |
_aLa Bretagne et les pays beltiques ; _v4 _9230452 |
|
| 852 |
_aES-MaACL _jG-9472 |
||
| 999 |
_c57861 _d57861 |
||